000 00780nam a2200217 a 4500
001 BRCA_4722
005 20190320204758.0
008 751209s1941 sz-af#####---#000-0#fre-#
041 _afre
044 _asz
050 4 _aND545
_b.B35 1941
100 1 _aBazin, Germain René Michel
_d1901-1990
_99325
245 1 0 _aL´École Franco-Flamande
_bXIX-XX siècles
_ctexto de Germain Bazin.
260 _aSuiza
_bAlbert Skira Genéve
_c1941
300 _a1 v. (sin paginación)
_bil. a color, 10 láminas
_c40 cm.
440 0 _aLes trésors de la peinture francaise: Série des primitifs
_v10, tomo 1
_911965
650 1 4 _aPintura francesa
_vCatálogos
_911966
650 1 4 _aPintura flamenca.
_vÁlbumes de pinturas
_911967
651 4 _aFrancia
_xPintura religiosa
_911968
942 _2lcc
_cB
999 _c4420
_d4420